| 000 | 00332nam a22001217a 4500 | ||
|---|---|---|---|
| 020 | _a0-471-93193-4 | ||
| 082 | _a621.3815 BRO'R | ||
| 100 |
_aBROMBACHER, A. C _967441 |
||
| 245 | _aRELIABILITY BY DESIGN, CAE TECHNIQUES FOR ELECTRONIC COMPONENTS AND SYSTEMS | ||
| 260 |
_aNEWYORK _bJOHN WILEY _c1992 |
||
| 300 | _a275P | ||
| 942 | _cBK | ||
| 999 |
_c575224 _d575224 |
||